| 000 | 00354nam a22001337a 4500 | ||
|---|---|---|---|
| 020 | _a81-86247-37-8 | ||
| 041 | _aENG | ||
| 100 | _aICFRE | ||
| 245 |
_aNatural Forest Based Baboo Production to Consumption System A Case Study From Central India ( Paper no 20 _c ) |
||
| 260 |
_aNew Delhi _bINBAR _c1998 |
||
| 300 | _a58 | ||
| 650 | _aFS | ||
| 856 | _uFS ( 29 ) | ||
| 999 |
_c2255 _d2255 |
||